Estadísticas para Ciudades Europeas por Mapa

Haz click aquí para tomar la prueba!

Estadísticas generales

  • Esta prueba ha sido tomada 2.246 veces
  • La puntuación promedio es 23 de 35

Respuestas en el mapa

Las respuestas están codificadas por una escala verde-roja en el mapa de la prueba según el % correcto abajo.
Cargando...
 

Estadísticas de respuestas

Ciudad% Correcto
Roma
96%
París
95%
Lisboa
93%
Moscú
91%
Atenas
90%
Valencia
87%
Oporto
86%
Ámsterdam
85%
Varsovia
82%
Bilbao
81%
Estocolmo
80%
Estambul
79%
Bucarest
77%
Sofía
76%
Venecia
76%
Minsk
75%
Tallin
73%
Zagreb
72%
Lyon
68%
Zúrich
66%
Belgrado
64%
Belfast
64%
Niza
61%
Bratislava
59%
Glasgow
58%
Hamburgo
58%
Copenhague
55%
Burdeos
53%
Fráncfurt
53%
Salzburgo
41%
Birmingham
41%
Bergen
35%
Odesa
32%
Catania
30%
Oulu
14%

Distribución de puntuación

Porcentaje por número respondido

Porcentaje de gente con cada puntuación

Historial de tus puntuaciones

No has tomado esta prueba